Normal view
MARC view
- Wilson, E. Bright
Entry Personal Name
001 - CONTROL NUMBER
- control field: 39772
003 - CONTROL NUMBER IDENTIFIER
- control field: NUST
005 - DATE AND TIME OF LATEST TRANSACTION
- control field: 20210314131534.0
008 - FIXED-LENGTH DATA ELEMENTS
- fixed length control field: 210314|| aca||aabn | a|a d
040 ## - CATALOGING SOURCE
- Original cataloging agency: NUST
- Transcribing agency: NUST
100 ## - HEADING--PERSONAL NAME
- Personal name: Wilson, E. Bright
670 ## - SOURCE DATA FOUND
- Source citation: Work cat.: (NUST): Pauling, Linus, 39770, Introduction to quantum mechanics,, 1935.
